Normal view
MARC view
- Brown, Amelia
Entry Personal Name
001 - CONTROL NUMBER
- control field: 15161
003 - CONTROL NUMBER IDENTIFIER
- control field: OSt
005 - DATE AND TIME OF LATEST TRANSACTION
- control field: 20260205111608.0
008 - FIXED-LENGTH DATA ELEMENTS
- fixed length control field: 260205|| aca||aabn | a|a d
040 ## - CATALOGING SOURCE
- Original cataloging agency: OSt
- Transcribing agency: OSt
100 ## - HEADING--PERSONAL NAME
- Personal name: Brown, Amelia
670 ## - SOURCE DATA FOUND
- Source citation: Work cat.: (OSt)6004: Democratic governance and social inequality /, c2002.